| 000 | 00383nam a2200145Ia 4500 | ||
|---|---|---|---|
| 008 | 220217s9999||||xx |||||||||||||| ||und|| | ||
| 020 | _a9789380501376 | ||
| 082 | _a621.382 75 RAM | ||
| 100 | _aRamaswami, Rajiv and othes | ||
| 245 | 0 | _aOptical Networks | |
| 250 | _a3 | ||
| 260 |
_aElsevier _bNew Delhi _c2010 |
||
| 300 |
_axxxiv;893 _b475 |
||
| 650 | _aOPTICAL COMMUNICATION | ||
| 999 |
_c182907 _d182907 |
||